| 000 | 01155nam0a22002411 4500 | ||
|---|---|---|---|
| 001 | rc\3638464 | ||
| 005 | 20260407142501.0 | ||
| 021 |
_aRU _bРг280-74 |
||
| 035 | _a(NLR Aleph) 007727407 | ||
| 090 |
_a7018080 _c7018080 |
||
| 100 | _a20130115d1973 |||y0rusy50 ca | ||
| 101 | 0 | _arus | |
| 102 | _aRU | ||
| 105 | _ay c ||||| | ||
| 200 | 1 |
_aМетодические указания по проектированию устройств автоматики, телемеханики и связи на железнодорожном транспорте _e(Краткие техн. характеристики) _fМ-во трансп. стр-ва СССР. Главтранспроект. Гос. проектно-изыскат. ин-т "Гипротранссигналсвязь" _h(И-58-73) _iТелефонные аппараты |
|
| 210 |
_aЛенинград _cБ. и. _d1973 |
||
| 215 |
_a22 с. _d19 |
||
| 712 | 0 | 2 |
_a"Гипротранссигналсвязь", институт _cЛенинград _3RU\NLR\AUTH\8810012280 _9522342 |
| 801 | 0 |
_aRU _bNLR _gpsbo |
|
| 801 | 1 |
_aRU _bELAR _2rusmarc |
|
| 852 |
_aNLR _bСВТЛ |
||
| 942 | _cBOOK | ||
| 980 | _aNB | ||